| 000 | 00639cam a22002293a 4500 | ||
|---|---|---|---|
| 001 | 9441 | ||
| 003 | PGUSA | ||
| 005 | 20140828083212.0 | ||
| 008 | 051201s2005||||xxu|||||s|||||000 1 eng d | ||
| 040 |
_aPGUSA _beng |
||
| 042 | _adc | ||
| 050 | 4 | _aPR | |
| 100 | 1 |
_aWard, Humphry, _cMrs, _d1851-1920 |
|
| 245 | 1 | 0 |
_aHelbeck of Bannisdale — Volume I _h[electronic resource] / _cHumphry, Ward |
| 260 |
_bProject Gutenberg, _c2005 |
||
| 506 | _aPublic domain in the USA. | ||
| 516 | _aElectronic text | ||
| 653 | _aReligious fiction | ||
| 830 | 0 |
_aProject Gutenberg _v9441 |
|
| 856 | 4 | 0 | _uhttp://www.gutenberg.org/ebooks/9441 |
| 942 | _cEB | ||
| 999 |
_c238697 _d238697 |
||